000 00359nam a2200145Ia 4500
008 230917s9999||||xx |||||||||||||| ||und||
040 _e108042
_aMAIN
041 _aEnglish
082 _a658.409 B592O
100 _aBlanchard, Kenneth
245 4 _aThe one miniute manager
260 _aNew Delhi
_bHarper Collins
_c2003
300 _a111p p.
942 _cBK
999 _c120305
_d120305